|
|
|
|
| LEADER |
00985nam a22002532a 4500 |
| 001 |
000225113 |
| 003 |
CZ BrMZK |
| 005 |
20110616085002.0 |
| 007 |
ta |
| 008 |
010907s1938 xr f cze d |
| 015 |
|
|
|a cnb000749996
|
| 035 |
|
|
|a (OCoLC)85607928
|
| 040 |
|
|
|a ABA001
|b cze
|c HKA001
|d ABA001
|
| 100 |
1 |
|
|a Klíma, Stanislav,
|d 1878-1944
|7 jk01060540
|4 aut
|
| 245 |
1 |
0 |
|a Za prapor s kalichem :
|b k dvacátému výročí sjednocení českých historických církví evangelických vzpomíná Stanislav Klíma
|
| 260 |
|
|
|a Praha :
|b Kalich,
|c 1938
|
| 300 |
|
|
|a 122, [III], 8 s. ;
|c 8°
|
| 490 |
1 |
|
|a Postavy a pokolení ;
|v sv. 1
|
| 500 |
|
|
|a Obsahuje též: [Vzpomínky českobratrského evangelíka : Přídavek ke knize vzpomínek Stanislava Klímy: Za prapor s kalichem
|
| 830 |
|
0 |
|a Postavy a pokolení
|0 s
|
| 910 |
|
|
|a BOA001
|b 1-0147.594,1
|
| 990 |
|
|
|a BK
|
| 991 |
|
|
|b 201106
|
| 996 |
7 |
|
|b 2619913873
|c 1-0147.594,1
|l MZK
|r Sklad / do 1 hodiny
|n 4
|w 000225113
|u 000010
|a 1
|e BOA001
|j MZK50
|s A
|